| LEADER 00000nam 2200000uu 4500 |
| 001 213714 |
| 003 ULIBM |
| 008 230810s||||||||th 000 0 tha d |
| 020 ^a978-616-92617-4-2
|
| 040 ^abcnkk
|
| 041 ^atha
|
| 060 0 ^aWO704 ก451 2564
|
| 245 00 ^aการดูแลแผลอย่างครอบคลุม= ^bComprehensive wound care 2021/^cบรรณาธิการ, อภิชัย อังสพัทธ์
|
| 250 ^aพิมพ์ครั้งที่ 1
|
| 260 ^aกรุงเทพฯ:^bสมาคมแผลไหม้และสมานแผล (ประเทศไทย),^c2564
|
| 300 ^a482 หน้า:^bภาพประกอบ;^c21 ซม.
|
| 650 0 ^aบาดแผลและบาดเจ็บ--การพยาบาล
|
| 650 0 ^aบาดแผลและบาดเจ็บ--การรักษา
|
| 650 0 ^aWounds and injuriey
|
| 700 0 ^aอภิรักษ์ ช่วงสุวนิช,
|
| 700 0 ^aพรพหรม เมืองแมน,บรรณาธิการ
|
| 700 0 ^aพรเทพ พึ่งรัศมี,บรรณาธิการ
|
| 700 0 ^aพรเทพ สิริมหาไชยกุล,บรรณาธิการ
|
| 700 0 ^aและกุสุมา ชินอรุณชัย,บรรณาธิการ
|
| 999 ^aใช้งานได้ทุกระบบ
|